|
|
|
|
| LEADER |
00000cam a2200000 7i4500 |
| 001 |
0000002170 |
| 005 |
20030318.0 |
| 020 |
0 |
0 |
|a 983218129X
|
| 090 |
0 |
0 |
|a R634.9803bWON 2002
|
| 100 |
1 |
0 |
|a WONG
|h T. M.
|
| 245 |
1 |
2 |
|a A dictionary of Malaysian timbers
|c by T. M. Wong, revised by S. C. Lim & R. C. K. Chung
|
| 250 |
0 |
0 |
|a 2nd ed.
|
| 260 |
0 |
0 |
|a Kuala Lumpur :
|b Institut Penyelidikan Perhutanan Malaysia ,
|c 2002
|
| 300 |
|
|
|a xxvii, 201 p. ;
|c 26 cm.
|
| 440 |
0 |
0 |
|a Malayan forest records ; n. 30
|
| 650 |
0 |
0 |
|a Timbers
|z Malaysia
|x Dictionaries
|
| 700 |
0 |
1 |
|a Chung
|h R. C. K.
|
| 700 |
0 |
1 |
|a Lim
|h S. C.
|
| 998 |
|
|
|a JPSM
|
| 999 |
|
|
|a 0000003563
|b Monograph
|c Reference
|e Default branch
|